| 000 | 00950cam a2200241 4500 | ||
|---|---|---|---|
| 001 | ABS61452 | ||
| 008 | 000000n1999 000 0 eng u | ||
| 035 | _a(Sirsi) u100591 | ||
| 100 | _aMiller, J.B. | ||
| 245 | 4 | _aThe practical application of delivery methods to project portfolios | |
| 260 | _c1999 | ||
| 490 |
_aConstruction Management and Economics _v17(5) September 1999, 669-677(9) |
||
| 520 | _aThe problem is emerging of how to match each project in the portfolio to a preferred delivery method. This article investigates a tool called CHOICES, which allows comparisons of alternative delivery scenarios for a portfolio of capital projects and services. References. | ||
| 590 | _aABS | ||
| 650 | _aPORTFOLIO MANAGEMENT | ||
| 650 | _aPROJECT DELIVERY METHODS | ||
| 650 | _aPROCUREMENT METHODS | ||
| 650 | _aCHOICES | ||
| 650 | _aSOFTWARE PACKAGES | ||
| 690 |
_aProject management _96261 |
||
| 700 | _aEvje, R.H. | ||
| 942 | _n0 | ||
| 999 |
_c60178 _d60178 |
||